Statistics for Most Populous Country Subdivisions

Click here to take the quiz!

General Stats

  • This quiz has been taken 15 times
  • The average score is 9 of 17

Answer Stats

population Answer % Correct
215,609,813Uttar Pradesh
79%
104,303,132Guangdong
79%
94,347,736West Bengal
64%
77,881,463Tamil Nadu
64%
80,418,200Sichuan
64%
100,590,000Punjab
64%
116,725,698Bihar
57%
65,683,722Hunan
57%
95,793,065Shandong
50%
94,023,567Henan
50%
121,362,092Maharashtra
50%
78,659,903Jiangsu
50%
71,854,202Hebei
50%
78,492,606Madhya Pradesh
43%
74,791,568Rajasthan
43%
66,076,021Karnataka
36%
60,383,628Gujarat
36%

Score Distribution

Percentile by Number Answered

Percent of People with Each Score

Your Score History

You have not taken this quiz